Meist gestreamte Deutschrapsongs 2024 - Statistiken

Allgemein
  • Dieses Quiz wurde 366 mal gespielt
  • Das Durchschnittsergebnis liegt bei 6 aus 42
Antwortstatistiken
Sänger Song % Korrekt
Apache 207 Roller
72%
Ennio, Rin Zeit
53%
Nina Chuba Wild Berry lillet
35%
Soho Bani, Herbert Grönemeyer Zeit dass sich was dreht
35%
Mark Forster, Ski Agu, Skrt Cobain Schwarzer toyota
26%
SIRA, Bausa, badchieff 9 bis 9
23%
RAF Camora, Ski Aggu Liebe grüße
23%
Reezy, Luciano Expensive shit
22%
Rap La Rue, Jiyo Katastrophe
22%
Hoodblaq Pass auf
21%
Ayliva, Mero Sie weiß
21%
Luciano, Omah Lay Another Vibe
20%
Rap La Rue, Kauta, Aymen Egal
20%
Luciano, Hurts, 6PM RECORDS Wonderful life
19%
Billa Joe, Faroon Business straight
18%
Pashanim Ms Jackson
17%
Reezy Shoot
17%
Rap La Rue, Haaland936, Amo Eredivise
15%
Sampange, Badchieff, CRO Tempo
12%
Yakary Sonnenbank.mp3
11%
Reezy 14 passenger
10%
Kwan.E, OVE Hallow kitty
8%
Reezy In & out
8%
Apache 207 Breaking your heart
7%
Apache 207 Loser
6%
CRO, Blumengarten Nie wieder normal
6%
Jamal, HoodBlaq Rein gehen
6%
Jazeek Take it
6%
Bobby Vandamme Walou diploma
6%
Apache 207 Neunzig
3%
Symba Playboys weinen auch
3%
Badmomzjay Dtb
2%
Rin Offline
2%
Billa Joe, Geenaro Speed
2%
Dante YN Anders
1%
RUFUZ, Bire Ayoo
1%
Bobby Vandamme Montpellier
1%
Ali As Toxisch
1%
Apache 207 Wenn das so bleibt
1%
Rowli, Hank Wenn die sonne scheint
1%
Jamal, HoodBlaq Wie weit
1%
RUFUZ Barbie yo
0%
Keine übereinstimmenden Quizze gefunden
Verteilung der Resultate
Anzahl Personen mit jedem Resultat
Perzentil nach korrekt beantworteten Fragen
Ihre Resultats-Entwicklung
Sie haben dieses Quiz noch nicht gespielt